| 000 | 00514 a2200193 4500 | ||
|---|---|---|---|
| 001 | 137753 | ||
| 020 | _a9788525432032 | ||
| 040 | _cLeonardo Da Vinci | ||
| 041 | _aPortuguês | ||
| 082 |
_a028.5 S137p _bS137p |
||
| 100 | _aSAINT - EXUPÉRY, Antoine de | ||
| 245 |
_aO pequeno príncipe _bcom aquarelas do autor |
||
| 260 |
_bAutêntica _c2015 _aSão Paulo |
||
| 300 | _a94 | ||
| 362 | _a20150000 | ||
| 490 | _aColeção LE_COMERCIALPM Pocket, v. 1175 | ||
| 697 | _aLiteratura infantojuvenil | ||
| 942 | _cBK | ||
| 999 |
_c137753 _d137753 |
||